000 00611cam a2200217 4500500
005 20260329005424.0
041 _afre
042 _adc
100 1 0 _aSorente, Isabelle
_eauthor
245 0 0 _aCenseur d’alerte ?
260 _c2023.
500 _a17
690 _aDouleur
690 _aÉcran
690 _aResponsabilité
690 _aSensibilité
690 _aSéries TV
690 _aSuicide
786 0 _nPhilosophie magazine | 171 | 8 | 2023-07-01 | p. 26-26 | 1951-1787
856 4 1 _uhttps://shs.cairn.info/magazine-philosophie-magazine-2023-8-page-26?lang=fr&redirect-ssocas=7080
999 _c1843228
_d1843228